000 00626nam a2200253 a 4500
001 nice12345678
003 IN_TiNIC
005 20260116012740.0
008 050524s1960 lona grp 000 0 eng
020 _a
_c130.65
082 0 0 _a200.1
_bJAM
100 _aJames, William
245 _aVarieties of Religious Experience
260 _aLondon
_bCollins, Fontana Library
_c1960
300 _a508p
500 _aincludes index and biblioraphy
505 2 _aIndex
650 _aReligion-Philosophy
650 _aReligion-Experience
700 1 _aJames, William
902 _bSRS
942 _cBK
999 _c8212
_d8212